Random European Flag to Capital - Statistics

General Stats
  • This quiz has been taken 173 times
  • The average score is 8 of 10
Answer Stats
Flag Capital % Correct
Athens
100%
Berlin
100%
Brussels
100%
Copenhagen
100%
Helsinki
100%
Lisbon
100%
Ljubljana
100%
London
100%
Madrid
100%
Monaco
100%
Oslo
100%
Paris
100%
Prague
100%
Rome
100%
Stockholm
100%
Warsaw
100%
Zagreb
100%
Bern
90%
Luxembourg
86%
Podgorica
86%
Sofia
86%
Amsterdam
83%
Bucharest
83%
Moscow
83%
Tirana
83%
Vatican
83%
Bratislava
80%
San Marino
80%
Skopje
80%
Vienna
80%
Budapest
78%
Vilnius
78%
Minsk
75%
Andorra la Vella
73%
Kiev
71%
Sarajevo
71%
Tallinn
71%
Dublin
67%
Vaduz
67%
Belgrade
60%
Riga
60%
Chisinau
50%
Valetta
50%
Pristina
20%
Reykyavik
0%
No matching quizzes found
Score Distribution
Percent of People with Each Score
Percentile by Number Answered
Your Score History
You have not taken this quiz